Spomienky na prvých desať rokov SGHS

Bibliographic Details
Main Author: Alexy, Zdenko G., 1922-2016 (Author)
Format: Article
Language:Slovak
PhysicalDescription:Fotogr.
Subjects:
Online Access:http://www.genealogy-heraldry.sk/pdf/GHH2002_1-2.pdf

MARC

LEADER 00000nab a2200000 a 4500
001 vtls000836188
003 SK-MaSNL
005 20260426104307.0
008 250429c2002 xo 0 slo
015 |a SNBRB2003/06-14406 
035 |a CLN000187843 
035 |a urn:nbn:sk:snk-ab7a2x 
035 |a (uuid)8c563862-f2ca-41d5-a9dc-8378a33dd907 
035 |a (urnnbn)urn:nbn:sk:snk:ar-a07d6h 
035 |a (sysno)vtls000836188 
040 |a SNKBUCL  |b slo  |c SNKBUCL  |e AACR2 
041 0 |a slo 
044 |a xo  |c SK 
080 |a 929.6:061.25(437.6)  |2 1997 
080 |a 061.25(437.6):929.6  |2 1997 
100 1 |a Alexy, Zdenko G.,  |d 1922-2016  |4 aut  |9 196623 
245 1 0 |a Spomienky na prvých desať rokov SGHS  |c Zdenko G. Alexy 
300 |b Fotogr. 
504 |a Biogr. údaje o autorovi 
610 2 7 |a Slovenská genealogicko-heraldická spoločnosť pri Matici slovenskej (Martin, Slovensko)  |2 snkbucl  |9 1236109 
650 0 7 |a genealógia  |2 snkbucl  |9 4978 
650 0 7 |a heraldika  |2 snkbucl  |9 3642 
651 7 |a Slovensko  |2 snkbucl  |9 14231 
655 7 |a články z novín a časopisov  |2 snkbucl  |9 267496 
773 0 |t Genealogicko-heraldický hlas  |g Roč. 12, č. 1-2 (2002), s. 12-13 
850 |a Slovenská národná knižnica 
852 |a Slovenská národná knižnica 
856 4 1 |u http://www.genealogy-heraldry.sk/pdf/GHH2002_1-2.pdf 
954 |a odborná, vedecká literatúra pôvodná (slovenská)  |2 lita 
958 |a article27 
958 |a OND 
958 |a EUIPO 
992 |a RBX 
999 |c 3312206  |d 3314136